Výskum etických aspektov vodcovstva
Prezentácia výsledkov prieskumu týkajúcich sa etického vodcovstva v podmienkach podniku IKEA Bratislava, s.r.o.
Gespeichert in:
| 1. Verfasser: | |
|---|---|
| Weitere Verfasser: | |
| Format: | Buchkapitel |
| Sprache: | Slowakisch |
| Schlagworte: | |
| Tags: |
Keine Tags, Fügen Sie das erste Tag hinzu!
|
MARC
| LEADER | 00000naa a2200000 4500 | ||
|---|---|---|---|
| 001 | 0224018 | ||
| 005 | 20240502073651.8 | ||
| 041 | 0 | |a slo | |
| 044 | |a SK | ||
| 245 | 1 | 0 | |a Výskum etických aspektov vodcovstva |c Matúš Meňhert, Ivana Ljudvigová |
| 520 | |a Prezentácia výsledkov prieskumu týkajúcich sa etického vodcovstva v podmienkach podniku IKEA Bratislava, s.r.o. | ||
| 610 | 2 | 0 | |a prostredie podnikateľské |
| 610 | 2 | 0 | |a etika podnikateľská |
| 610 | 2 | 0 | |a vodcovstvo |
| 100 | 1 | |a Meňhert, Matúš | |
| 700 | 1 | |a Ljudvigová, Ivana | |